000 00683nam a2200217Ii 4500
003 JO-AjNU
008 230606s9999||||xx |||||||||||||| ||und||
020 _a978-0-470-12881-7
040 _aJO-AjNU
_beng
_erda
_cJO-AjNU
041 _aeng
050 1 4 _aHF5625.A2394 2009
100 3 _aSchroeder,Richard G/ Clark,Myrtle/Cathey Jack M,
_eauthor
_93217
245 0 0 _aFinancial Accounting Theory and Analysis
250 _a9th ed
264 3 1 _aNew York: John Wiley and Sons,2009
300 _a630p
_bIncludes indexes 607-630 p
336 _atext
_btxt
_2rdacontent
337 _aunmediated
_bn
_2rdamedia
338 _avolume
_bnc
_2rdacarrier
650 4 _aAccounting Theory
_93218
999 _aE1684
_c1684
_d1684